000
00279nam a2200109Ia 4500
008
200302s9999 xx 000 0 und d
100
_a
William A. Singleton
245
_a
Studies in Architectural History Vol 1I
260
_b
Shubhi Publication
260
_c
2014
300
_a
143 P.,
999
_c
3881
_d
3881